Tự học tiếng Trung cho người mới bắt đầu

محفوظ في:
التفاصيل البيبلوغرافية
المؤلف الرئيسي: Thu Trang (chủ biên)
مؤلفون آخرون: Minh Nguyệt (hiệu đính)
التنسيق: كتاب
اللغة:Vietnamese
منشور في: Hà Nội Hồng Đức 2018
الموضوعات:
الوسوم: إضافة وسم
لا توجد وسوم, كن أول من يضع وسما على هذه التسجيلة!
Thư viện lưu trữ: Trung tâm Học liệu Lê Vũ Hùng, Trường Đại học Đồng Tháp
LEADER 00860nam a22002538a 4500
001 00042962
005 20181107141130.0
008 171101s2017####-vm#################vie|d
020 # # |c 85000  |a 9786048927592 
041 0 # |a Vie 
082 # # |a 495.1  |b T550H 
100 1 # |e chủ biên  |a Thu Trang 
245 1 0 |c Thu Trang (chủ biên); Minh Nguyệt (hiệu đính)  |a Tự học tiếng Trung cho người mới bắt đầu 
260 # # |a Hà Nội  |b Hồng Đức  |c 2018 
300 # # |a 222 tr.  |c 21 cm. 
653 # # |a Ngôn ngữ 
653 # # |a Thực hành 
653 # # |a Tiếng Trung 
653 # # |a Tự học 
700 1 # |a Minh Nguyệt  |e hiệu đính 
852 # # |j KD.0024812  |j KM.0025631  |j KM.0033846 
910 0 # |d 30/10/2018 
980 # # |a Trung tâm Học liệu Lê Vũ Hùng, Trường Đại học Đồng Tháp